00000000nas 2200000zi 4500
0019.500750
003CaOODSP
00520241104124049
006m     o  d f      
007cr |||||||||||
008150406d19821993oncar p o    f0   a0fre|d
022 |y0704-1489
040 |aCaOODSP|bfre|erda|cCaOODSP
043 |an-cn---
0861 |aS1F-PDF
1101 |aCanada.|bMinistère du Secrétariat d'État, |eauteur, |eorganisme de publication.
24510|aRapport annuel.
260 |a[Ottawa] : |bSecrétariat d'État du Canada, |c1983-1993?
310 |aAnnuel
336 |atexte|btxt|2rdacontent/fre
337 |ainformatique|bc|2rdamedia/fre
338 |aressource en ligne|bcr|2rdacarrier/fre
3621 |aParaît depuis : 1982/1983; ne paraît plus après : 1992/1993?
500 |aPublié aussi en anglais sous le titre : Annual report.
500 |aÉdition numérisée de l'imprimée [par Direction des publications du gouvernement du Canada].
515 |aL'année d'activité se termine le 31 mars.
550 |aPublié en callab. avec: 1989-1993?, Multiculturalisme et citoyenneté Canada.
61010|aCanada.|bMinistère du Secrétariat d'État|vPériodiques.
61010|aCanada.|bMulticulturalisme et Citoyenneté |vPériodiques.
650 6|aNationalité|zCanada|vPériodiques.
650 6|aDroits de l'homme|zCanada|vPériodiques.
650 6|aMulticulturalisme|zCanada|vPériodiques.
651 6|aCanada|xPolitique et gouvernement|xPériodiques.
651 6|aCanada|xLangues|vPériodiques.
655 7|aPériodiques|2rvmgf
7101 |aCanada.|bMulticulturalisme et citoyenneté Canada, |eorganisme de publication.
77508|tAnnual report / |w(CaOODSP)9.500749
78000|tRapport annuel pour l'année se terminant le 31 mars ... / |w(CaOODSP)9.943275